[Event "RUS-ch Rapid"]
[Site "Sochi"]
[Date "2023.10.15"]
[Round "5"]
[White "Malakhov, Igor"]
[Black "Afanasiev, Nikita"]
[Result "0-1"]
[WhiteElo "2412"]
[BlackElo "2533"]
[PlyCount "46"]
[EventDate "2023.10.15"]
[EventType "swiss (rapid)"]
[EventRounds "11"]
[EventCountry "RUS"]
[SourceTitle "Mega2024 Update 01"]
[Source "Chessbase"]
[SourceDate "2023.11.12"]
[SourceVersion "1"]
[SourceVersionDate "2023.11.12"]
[SourceQuality "1"]

1. e4 g6 2. d4 Bg7 3. Nc3 a6 4. f4 d6 5. Nf3 b5 6. Bd3 Nd7 7. e5 Bb7 8. Qe2 c5 9. e6 fxe6 10. Ng5 Bxd4 11. Nxe6 Qb6 12. a4 d5 13. axb5 Bxc3+ 14. bxc3 c4 15. Bxg6+ hxg6 16. Qg4 Nf8 17. f5 Nf6 18. Qe2 Nxe6 19. fxe6 Bc8 20. bxa6 Rxa6 21. Rxa6 Qxa6 22. 0-0 Qxe6 23. Qf2 Rh5 0-1

[Event "RUS-ch Rapid"]
[Site "Sochi"]
[Date "2023.10.15"]
[Round "3"]
[White "Malakhov, Igor"]
[Black "Smirnov, Pavel"]
[Result "1/2-1/2"]
[WhiteElo "2412"]
[BlackElo "2538"]
[PlyCount "108"]
[EventDate "2023.10.15"]
[EventType "swiss (rapid)"]
[EventRounds "11"]
[EventCountry "RUS"]
[SourceTitle "Mega2024 Update 01"]
[Source "Chessbase"]
[SourceDate "2023.11.12"]
[SourceVersion "1"]
[SourceVersionDate "2023.11.12"]
[SourceQuality "1"]

1. e4 e5 2. Nf3 Nc6 3. Bc4 Nf6 4. Ng5 d5 5. exd5 Na5 6. Bb5+ c6 7. dxc6 bxc6 8. Bd3 Nd5 9. Nf3 Bd6 10. 0-0 0-0 11. Re1 Bg4 12. h3 Bxf3 13. Qxf3 f5 14. Bxf5 Qe7 15. Qh5 g6 16. Bxg6 Bc5 17. d4 Bxd4 18. Bf5 Bxf2+ 19. Kxf2 Rxf5+ 20. Qxf5 Rf8 21. Qxf8+ Qxf8+ 22. Kg1 Qc5+ 23. Kf1 Qxc2 24. Nc3 Nxc3 25. bxc3 Nc4 26. Kg1 Qxc3 27. Bh6 Kf7 28. Rac1 Qd4+ 29. Kh1 Kg6 30. Red1 Qe4 31. Re1 Qd5 32. Be3 Nb2 33. Rc5 Qd6 34. Rec1 Kf5 35. Rxc6 Qd5 36. Bxa7 Nd3 37. Rf1+ Nf4 38. Rc2 h5 39. Rcf2 Qe4 40. Bb8 Ke6 41. Kh2 h4 42. Bxe5 Nxg2 43. Rxg2 Qxe5+ 44. Kh1 Qe3 45. Kh2 Qe5+ 46. Kh1 Qe3 47. Rh2 Qe4+ 48. Kg1 Qe3+ 49. Rff2 Qe1+ 50. Kg2 Qe4+ 51. Kf1 Qb1+ 52. Kg2 Qe4+ 53. Kg1 Qe1+ 54. Rf1 Qe3+ 1/2-1/2

[Event "RUS-ch Blitz"]
[Site "Sochi"]
[Date "2023.10.14"]
[Round "3"]
[White "Kezin, Roman"]
[Black "Malakhov, Igor"]
[Result "1-0"]
[WhiteElo "2505"]
[BlackElo "2412"]
[PlyCount "61"]
[EventDate "2023.10.14"]
[EventType "swiss (blitz)"]
[EventRounds "13"]
[EventCountry "RUS"]
[SourceTitle "Mega2024 Update 01"]
[Source "Chessbase"]
[SourceDate "2023.11.12"]
[SourceVersion "1"]
[SourceVersionDate "2023.11.12"]
[SourceQuality "1"]

1. d4 Nf6 2. c4 e6 3. Nf3 d5 4. g3 dxc4 5. Bg2 c5 6. 0-0 Nc6 7. Qa4 cxd4 8. Nxd4 Qxd4 9. Bxc6+ Bd7 10. Rd1 Qxd1+ 11. Qxd1 Bxc6 12. Nd2 c3 13. bxc3 Be7 14. Nc4 0-0 15. Ne5 Bb5 16. c4 Ba6 17. Bg5 Rac8 18. Rc1 Rfd8 19. Qb3 h6 20. Be3 Bc5 21. Bxc5 Rxc5 22. Nd3 Rc7 23. Nb4 Rd6 24. c5 Rd8 25. Nxa6 bxa6 26. Qa4 Rdc8 27. Qxa6 Rxc5 28. Rxc5 Rxc5 29. Qxa7 Rc2 30. Qb8+ Kh7 31. Qb1 1-0

[Event "Moscow op-A 16th"]
[Site "Moscow"]
[Date "2020.02.01"]
[Round "8"]
[White "Malakhov, Igor"]
[Black "Salman, Pavel"]
[Result "1/2-1/2"]
[WhiteElo "2423"]
[BlackElo "2286"]
[PlyCount "100"]
[EventDate "2020.01.25"]
[EventType "swiss"]
[EventRounds "9"]
[EventCountry "RUS"]
[SourceTitle "CBM 194 Extra"]
[Source "ChessBase"]
[SourceDate "2020.03.31"]
[SourceVersion "1"]
[SourceVersionDate "2020.03.31"]
[SourceQuality "1"]

1. e4 c5 2. Nf3 d6 3. d4 cxd4 4. Nxd4 Nf6 5. Nc3 a6 6. Nb3 e5 7. Bg5 Be7 8. Bxf6 Bxf6 9. Nd5 Nd7 10. Qf3 Nb6 11. Nxf6+ Qxf6 12. Qxf6 gxf6 13. 0-0-0 Ke7 14. Na5 Ra7 15. Be2 Rd8 16. f4 Bd7 17. Rhf1 Bb5 18. Bd3 Rd7 19. Rf3 Ra8 20. Rdf1 Bxd3 21. cxd3 Rf8 22. fxe5 fxe5 23. Rh3 d5 24. Rh6 Na4 25. Rf5 Rc8+ 26. Kd2 dxe4 27. Rxe5+ Kf8 28. Rxe4 Nxb2 29. Rh3 b6 30. Nb3 Nc4+ 31. Kd1 Nb2+ 32. Kd2 Nc4+ 33. Ke2 Nd6 34. Ra4 Rc2+ 35. Kf3 Nf5 36. d4 b5 37. Rxa6 Nxd4+ 38. Nxd4 Rxd4 39. Rxh7 Rc3+ 40. Ke2 Kg8 41. Rh5 Rcd3 42. Rg5+ Kf8 43. h3 Rd2+ 44. Ke3 R4d3+ 45. Kf4 Rd4+ 46. Kg3 Ra4 47. Rxa4 bxa4 48. a3 Rd3+ 49. Kh4 Rxa3 50. Ra5 Kg7 1/2-1/2

[Event "Moscow op-A 16th"]
[Site "Moscow"]
[Date "2020.01.28"]
[Round "4"]
[White "Malakhov, Igor"]
[Black "Eynullayev, Atilla Elshan"]
[Result "1-0"]
[WhiteElo "2423"]
[BlackElo "2246"]
[PlyCount "91"]
[EventDate "2020.01.25"]
[EventType "swiss"]
[EventRounds "9"]
[EventCountry "RUS"]
[SourceTitle "CBM 194 Extra"]
[Source "ChessBase"]
[SourceDate "2020.03.31"]
[SourceVersion "1"]
[SourceVersionDate "2020.03.31"]
[SourceQuality "1"]

1. e4 c5 2. Nf3 Nc6 3. d4 cxd4 4. Nxd4 Qb6 5. Nb3 Nf6 6. Nc3 e6 7. Be2 Bb4 8. 0-0 0-0 9. Qd3 Ne5 10. Qg3 Bxc3 11. bxc3 d6 12. Nd2 Qc6 13. Qe3 b6 14. Ba3 Bb7 15. f4 Ned7 16. Bd3 Nc5 17. Rae1 Rad8 18. c4 e5 19. f5 Qa4 20. Bc1 b5 21. cxb5 Nxd3 22. Qxd3 d5 23. c4 dxe4 24. Qb3 Qa5 25. c5 Rd3 26. Qb2 Bd5 27. c6 Qb6+ 28. Kh1 Ng4 29. h3 Nf2+ 30. Kh2 e3 31. Nf3 e4 32. Ne5 f6 33. Rxe3 fxe5 34. Qxf2 Qxb5 35. c7 Qc6 36. Ba3 Rc8 37. Rg3 Rxc7 38. f6 g6 39. Be7 Bf7 40. Rxd3 exd3 41. Qe3 Rxe7 42. Qh6 Qxf6 43. Rxf6 e4 44. Qe3 Bxa2 45. Rd6 Bc4 46. Rd8+ 1-0

[Event "Moscow op-A 16th"]
[Site "Moscow"]
[Date "2020.01.25"]
[Round "1"]
[White "Kamalidenova, Meruert"]
[Black "Malakhov, Igor"]
[Result "0-1"]
[WhiteElo "2111"]
[BlackElo "2423"]
[PlyCount "82"]
[EventDate "2020.01.25"]
[EventType "swiss"]
[EventRounds "9"]
[EventCountry "RUS"]
[SourceTitle "CBM 194 Extra"]
[Source "ChessBase"]
[SourceDate "2020.03.31"]
[SourceVersion "1"]
[SourceVersionDate "2020.03.31"]
[SourceQuality "1"]

1. e4 c5 2. Nf3 e6 3. d4 cxd4 4. Nxd4 a6 5. Bd3 Nf6 6. 0-0 Qc7 7. Qe2 d6 8. c4 Nbd7 9. f4 g6 10. Nc3 Bg7 11. Nf3 0-0 12. Kh1 b6 13. Be3 Bb7 14. Bd4 e5 15. fxe5 dxe5 16. Be3 Nc5 17. Nd2 Qd6 18. Bc2 Ne6 19. Rad1 Qb4 20. Nb3 Rac8 21. Bd3 b5 22. Nd5 Nxd5 23. cxd5 Nf4 24. Qd2 Nxd3 25. Qxd3 Rfd8 26. a3 Qd6 27. Bd2 f5 28. Bb4 fxe4 29. Qe3 Qb8 30. d6 Rc4 31. Na5 Rd4 32. Qg5 Ba8 33. Qe7 Bd5 34. Rxd4 exd4 35. d7 e3 36. Nc6 Bxc6 37. Qe6+ Kh8 38. Qxc6 e2 39. Re1 Qf4 40. Kg1 d3 41. Bc3 Bd4+ 0-1

[Event "RUS-ch blitz"]
[Site "Sochi"]
[Date "2018.10.07"]
[Round "7.34"]
[White "Indzhiev, Aldar"]
[Black "Malakhov, Igor"]
[Result "1/2-1/2"]
[WhiteElo "2218"]
[BlackElo "2423"]
[PlyCount "53"]
[EventDate "2018.10.07"]
[EventType "swiss (blitz)"]
[EventRounds "20"]
[EventCountry "RUS"]
[SourceTitle "CBM 186 Extra"]
[Source "ChessBase"]
[SourceDate "2018.08.24"]
[SourceVersion "1"]
[SourceVersionDate "2018.08.24"]
[SourceQuality "1"]

1. d4 Nf6 2. Bg5 d5 3. Bxf6 exf6 4. e3 c6 5. c4 dxc4 6. Bxc4 Bd6 7. Nc3 0-0 8. Nf3 f5 9. 0-0 Nd7 10. d5 cxd5 11. Nxd5 Nb6 12. Nxb6 Qxb6 13. Qb3 Qxb3 14. Bxb3 Be6 15. Rfd1 Bxb3 16. Rxd6 Be6 17. Nd4 Rfd8 18. Rxd8+ Rxd8 19. Rc1 g6 20. f3 Rd7 21. a3 Kg7 22. Kf2 Kf6 23. b4 f4 24. Nxe6 Kxe6 25. exf4 Rd2+ 26. Kg3 Ra2 27. Rc7 1/2-1/2

[Event "RUS-ch blitz"]
[Site "Sochi"]
[Date "2018.10.07"]
[Round "13.35"]
[White "Malakhov, Igor"]
[Black "Tekeyev, Zaur"]
[Result "0-1"]
[WhiteElo "2423"]
[BlackElo "2392"]
[PlyCount "104"]
[EventDate "2018.10.07"]
[EventType "swiss (blitz)"]
[EventRounds "20"]
[EventCountry "RUS"]
[SourceTitle "CBM 186 Extra"]
[Source "ChessBase"]
[SourceDate "2018.08.24"]
[SourceVersion "1"]
[SourceVersionDate "2018.08.24"]
[SourceQuality "1"]

1. e4 c5 2. Nf3 Nc6 3. d4 cxd4 4. Nxd4 e5 5. Nb5 d6 6. N5c3 Be7 7. Nd2 Nf6 8. Nc4 0-0 9. Bg5 Nd4 10. Bxf6 Bxf6 11. Nd5 Bg5 12. c3 Nc6 13. h4 Bh6 14. g4 Bf4 15. Qf3 b5 16. Na3 b4 17. Nc4 bxc3 18. bxc3 Be6 19. Nxf4 exf4 20. Qxf4 Bxc4 21. Bxc4 Ne5 22. Be2 Rc8 23. Rh3 Qa5 24. Qd2 Rfd8 25. Rd1 Qa4 26. f3 Qa3 27. f4 Nc4 28. Qd4 Nb2 29. Rd2 Na4 30. Kf2 Qc1 31. c4 Nc5 32. Kg2 Nxe4 33. Rd1 Qxf4 34. Rf1 Qe5 35. Qxe5 dxe5 36. Re3 Rd4 37. Rc1 f6 38. Bf3 Nd2 39. Bd5+ Rxd5 40. cxd5 Rxc1 41. d6 Rc8 42. Ra3 Rd8 43. Rxa7 Rxd6 44. a4 h5 45. gxh5 Kh7 46. a5 Rd3 47. a6 Ra3 48. Ra8 Nc4 49. Kf2 Nd6 50. Kg2 Nb5 51. h6 Kxh6 52. Rb8 Nc7 0-1

[Event "RUS-ch blitz"]
[Site "Sochi"]
[Date "2018.10.07"]
[Round "14.35"]
[White "Tekeyev, Zaur"]
[Black "Malakhov, Igor"]
[Result "1/2-1/2"]
[WhiteElo "2392"]
[BlackElo "2423"]
[PlyCount "100"]
[EventDate "2018.10.07"]
[EventType "swiss (blitz)"]
[EventRounds "20"]
[EventCountry "RUS"]
[SourceTitle "CBM 186 Extra"]
[Source "ChessBase"]
[SourceDate "2018.08.24"]
[SourceVersion "1"]
[SourceVersionDate "2018.08.24"]
[SourceQuality "1"]

1. e4 c5 2. Nf3 Nc6 3. Bb5 e6 4. 0-0 Nge7 5. Re1 a6 6. Bf1 d5 7. d3 d4 8. g3 e5 9. a4 Ng6 10. Na3 Rb8 11. h4 Bg4 12. Be2 Be7 13. Nh2 Bd7 14. h5 Nf8 15. Bg4 Ne6 16. f4 exf4 17. gxf4 b5 18. axb5 axb5 19. Qf3 Nc7 20. Bd2 0-0 21. Kh1 Bxg4 22. Qxg4 f5 23. exf5 Kh8 24. Rg1 Bf6 25. Nf3 Qd5 26. Kh2 Rbe8 27. Rae1 c4 28. h6 gxh6 29. Qh5 Bg7 30. Rxg7 Kxg7 31. Rg1+ Kh8 32. Qxh6 Re2+ 33. Rg2 Rxg2+ 34. Kxg2 Rxf5 35. Kf2 cxd3 36. cxd3 Ne8 37. Ng5 Rxg5 38. fxg5 Qf5+ 39. Ke2 Ne5 40. Nxb5 Qxd3+ 41. Kd1 Ng7 42. Qf6 Qf3+ 43. Qxf3 Nxf3 44. Ke2 Nxd2 45. Kxd2 Ne6 46. Kd3 Kg7 47. Nxd4 Nxg5 48. b4 Nf7 49. Ke4 h5 50. b5 Nd6+ 1/2-1/2

[Event "Pardubice Czech op-A 29th"]
[Site "Pardubice"]
[Date "2018.07.21"]
[Round "2"]
[White "Claridge Hansen, William"]
[Black "Malakhov, Igor"]
[Result "1/2-1/2"]
[WhiteElo "2291"]
[BlackElo "2431"]
[PlyCount "113"]
[EventDate "2018.07.20"]
[EventType "swiss"]
[EventRounds "9"]
[EventCountry "CZE"]
[SourceTitle "CBM 185 Extra"]
[Source "ChessBase"]
[SourceDate "2018.07.29"]
[SourceVersion "1"]
[SourceVersionDate "2018.07.29"]
[SourceQuality "1"]

1. c4 c5 2. g3 g6 3. Bg2 Bg7 4. Nc3 Nf6 5. e4 0-0 6. Nge2 Nc6 7. d3 Ne8 8. Be3 d6 9. 0-0 Nc7 10. d4 cxd4 11. Nxd4 Bd7 12. h3 Nxd4 13. Bxd4 Bc6 14. Bxg7 Kxg7 15. Qd2 Ne6 16. f4 a5 17. Rad1 Nc5 18. Qd4+ Kg8 19. e5 Ne6 20. Qf2 Bxg2 21. Kxg2 Ra6 22. Ne4 Qc7 23. exd6 Qxc4 24. Rfe1 exd6 25. b3 Qc6 26. Rxd6 Qb5 27. Rxa6 bxa6 28. Qb2 Qc6 29. Kh2 Rc8 30. Nf6+ Kg7 31. Nd5+ Kh6 32. Qe5 Rd8 33. Nf6 Rd2+ 34. Re2 Rxe2+ 35. Qxe2 Qc3 36. Ng4+ Kg7 37. Qe5+ Qxe5 38. Nxe5 Nc5 39. Kg2 a4 40. b4 Ne4 41. Kf3 Nc3 42. a3 Nb5 43. Nc4 Kf6 44. Ke4 Ke6 45. g4 f5+ 46. gxf5+ gxf5+ 47. Kd3 Nc7 48. Nb6 Nd5 49. Nxa4 Nxf4+ 50. Kd4 Nxh3 51. Nc5+ Kd6 52. Nxa6 Nf4 53. Nc5 h5 54. Ke3 Nd5+ 55. Kf3 Kc6 56. Ne6 Kb5 57. Nd4+ 1/2-1/2

[Event "Chigorin Memorial 25th"]
[Site "St Petersburg"]
[Date "2017.10.28"]
[Round "8"]
[White "Askerov, Marat"]
[Black "Malakhov, Igor"]
[Result "1/2-1/2"]
[WhiteElo "2332"]
[BlackElo "2446"]
[PlyCount "105"]
[EventDate "2017.10.21"]
[EventType "swiss"]
[EventRounds "9"]
[EventCountry "RUS"]
[SourceTitle "CBM 181 Extra"]
[Source "ChessBase"]
[SourceDate "2017.12.12"]
[SourceVersion "1"]
[SourceVersionDate "2017.12.12"]
[SourceQuality "1"]

1. d4 d5 2. c4 e6 3. Nf3 c5 4. cxd5 exd5 5. g3 Nc6 6. Bg2 Nf6 7. 0-0 Be7 8. Nc3 0-0 9. Bg5 cxd4 10. Nxd4 h6 11. Be3 Re8 12. h3 Be6 13. Rc1 Rc8 14. Qa4 a6 15. Rfd1 Nxd4 16. Bxd4 Rc4 17. Qb3 Qc8 18. h4 Ne4 19. e3 b5 20. Ne2 Qc7 21. Rxc4 dxc4 22. Qc2 Nf6 23. Nf4 Bg4 24. f3 Bc8 25. g4 Bd6 26. Bxf6 Bxf4 27. exf4 gxf6 28. Qd2 h5 29. Qd4 Qe7 30. f5 Kg7 31. b3 cxb3 32. axb3 a5 33. Bf1 Qe3+ 34. Qxe3 Rxe3 35. Rd8 Bb7 36. Bxb5 Rxb3 37. Bc4 Rb4 38. Be2 a4 39. Rd2 a3 40. Ra2 Rb2 41. Rxb2 axb2 42. Bd3 Bxf3 43. gxh5 Bxh5 44. Kf2 Kf8 45. Ke3 Ke7 46. Kd2 Kd6 47. Kc2 Ke5 48. Kxb2 Bg4 49. Kc3 Bxf5 50. Be2 Kf4 51. Kd2 Bg4 52. h5 Bxh5 53. Bxh5 1/2-1/2

[Event "St Petersburg rapid"]
[Site "St Petersburg"]
[Date "2017.08.27"]
[Round "9"]
[White "Malakhov, Igor"]
[Black "Lintchevski, Daniil"]
[Result "0-1"]
[WhiteElo "2446"]
[BlackElo "2569"]
[PlyCount "134"]
[EventDate "2017.08.26"]
[EventType "swiss (rapid)"]
[EventRounds "11"]
[EventCountry "RUS"]
[SourceTitle "CBM 180 Extra"]
[Source "ChessBase"]
[SourceDate "2017.10.06"]
[SourceVersion "1"]
[SourceVersionDate "2017.10.06"]
[SourceQuality "1"]

1. e4 c6 2. d4 d5 3. exd5 cxd5 4. c4 Nf6 5. Nc3 g6 6. cxd5 Nxd5 7. Qb3 Nb6 8. d5 Bg7 9. Be3 0-0 10. Rd1 Na6 11. Nf3 Qd6 12. Be2 Bd7 13. 0-0 Nc5 14. Qa3 Nca4 15. Qxd6 exd6 16. Nxa4 Nxa4 17. Bd4 Rfe8 18. Rd2 Bh6 19. Rc2 Bf5 20. Rc4 b5 21. Rxa4 bxa4 22. Bb5 Re4 23. Bxa4 Bg4 24. Bc6 Rb8 25. Bxa7 Rxb2 26. a4 Bg7 27. a5 Ra2 28. h3 Bxf3 29. gxf3 Rf4 30. Re1 Be5 31. Bb6 f6 32. Kg2 Rb4 33. Bc7 Rbb2 34. Bb6 Kg7 35. f4 Bxf4 36. Re7+ Kh6 37. Rf7 Bg5 38. Bb7 Rb4 39. Rd7 Bf4 40. Rf7 f5 41. h4 Be5 42. Be3+ f4 43. Bb6 f3+ 44. Kxf3 Bd4 45. Bxd4 Rxd4 46. a6 Rxh4 47. Rf6 Kg5 48. Rxd6 Rf4+ 49. Ke3 Ra3+ 50. Ke2 Ra2+ 51. Ke3 Rfxf2 52. Rb6 Rfe2+ 53. Kd4 Red2+ 54. Ke5 h5 55. d6 Re2+ 56. Kd5 h4 57. Bc8 Kf6 58. d7+ Ke7 59. Rxg6 Red2+ 60. Kc5 h3 61. Rh6 h2 62. Kb6 Rab2+ 63. Ka7 Kd8 64. Ka8 Kc7 65. a7 Rd1 66. Bb7 Rxb7 67. Rxh2 Rxa7+ 0-1

[Event "Pardubice Czech op-A 28th"]
[Site "Pardubice"]
[Date "2017.07.22"]
[Round "2"]
[White "Malakhov, Igor"]
[Black "Eret, Jonas"]
[Result "1-0"]
[WhiteElo "2454"]
[BlackElo "2236"]
[PlyCount "59"]
[EventDate "2017.07.21"]
[EventType "swiss"]
[EventRounds "9"]
[EventCountry "CZE"]
[SourceTitle "CBM 179 Extra"]
[Source "ChessBase"]
[SourceDate "2017.08.23"]
[SourceVersion "1"]
[SourceVersionDate "2017.08.23"]
[SourceQuality "1"]

1. e4 e6 2. d4 d5 3. Nc3 Nf6 4. e5 Nfd7 5. Nce2 c5 6. c3 b6 7. Nf3 Ba6 8. g3 Be7 9. Bg2 Nc6 10. 0-0 cxd4 11. cxd4 Rc8 12. a3 Na5 13. b4 Nb3 14. Qxb3 Bxe2 15. Re1 Bc4 16. Qb1 b5 17. h4 h5 18. Bg5 Nb6 19. Bxe7 Qxe7 20. Ng5 Kd7 21. Re3 Kc7 22. Bh3 Kb8 23. Rf3 Rcf8 24. Qd1 Na4 25. Qd2 Rh6 26. Re1 a5 27. bxa5 f5 28. exf6 Rhxf6 29. Rxf6 Rxf6 30. Re3 1-0

[Event "Pardubice Czech op-A 28th"]
[Site "Pardubice"]
[Date "2017.07.21"]
[Round "1"]
[White "Soural, Jan"]
[Black "Malakhov, Igor"]
[Result "1/2-1/2"]
[WhiteElo "2217"]
[BlackElo "2454"]
[PlyCount "81"]
[EventDate "2017.07.21"]
[EventType "swiss"]
[EventRounds "9"]
[EventCountry "CZE"]
[SourceTitle "CBM 179 Extra"]
[Source "ChessBase"]
[SourceDate "2017.08.23"]
[SourceVersion "1"]
[SourceVersionDate "2017.08.23"]
[SourceQuality "1"]

1. d4 Nf6 2. c4 c5 3. d5 g6 4. Nc3 Bg7 5. e4 0-0 6. Be2 d6 7. Nf3 e5 8. Bg5 h6 9. Bd2 Nh5 10. g3 Bh3 11. Qc2 Nd7 12. 0-0-0 a6 13. Rdg1 b5 14. Nd1 Nb6 15. Ne3 Bd7 16. Nh4 Nf6 17. h3 Rb8 18. Ba5 Qe7 19. Nhg2 bxc4 20. Nxc4 Nxc4 21. Bxc4 Bb5 22. Ne3 Nd7 23. g4 Bf6 24. a4 Bxc4 25. Nxc4 Bg5+ 26. Kb1 Rfc8 27. Rg3 Qf8 28. h4 Bd8 29. Bd2 Nb6 30. Na5 Qe8 31. Nc6 Rxc6 32. dxc6 Qxc6 33. Ra3 Qd7 34. a5 Nc8 35. Bxh6 Qxg4 36. Rg3 Qh5 37. Bg5 Bxg5 38. Rxg5 Qf3 39. Rhg1 Rb4 40. h5 Ne7 41. hxg6 1/2-1/2

[Event "Pardubice op rapid 28th"]
[Site "Pardubice"]
[Date "2017.07.19"]
[Round "3"]
[White "Malakhov, Igor"]
[Black "Chigaev, Maksim"]
[Result "0-1"]
[WhiteElo "2454"]
[BlackElo "2578"]
[PlyCount "96"]
[EventDate "2017.07.19"]
[EventType "swiss (rapid)"]
[EventRounds "9"]
[EventCountry "CZE"]
[SourceTitle "CBM 179 Extra"]
[Source "ChessBase"]
[SourceDate "2017.08.23"]
[SourceVersion "1"]
[SourceVersionDate "2017.08.23"]
[SourceQuality "1"]

1. e4 g6 2. d4 Bg7 3. Nc3 d6 4. f4 Nf6 5. Bd3 0-0 6. Nf3 Nc6 7. e5 dxe5 8. fxe5 Nh5 9. Be3 Bg4 10. Be4 f6 11. exf6 Nxf6 12. Bxc6 bxc6 13. Qd3 Bxf3 14. gxf3 Nd5 15. Bf2 Nxc3 16. Qxc3 Qd5 17. Ke2 Rab8 18. Rad1 Rxb2 19. Rd3 Rxa2 20. Rb1 c5 21. Qxc5 Qxc5 22. dxc5 Rxc2+ 23. Kf1 a5 24. Re1 Bf6 25. Rd7 c6 26. Re6 a4 27. Ra7 Rb8 28. Rxa4 Rbb2 29. Bd4 Bxd4 30. Rxd4 Kf7 31. Re1 Rf2+ 32. Kg1 Rg2+ 33. Kh1 Rxh2+ 34. Kg1 Rbg2+ 35. Kf1 Rc2 36. Rf4+ Ke8 37. Kg1 Rcg2+ 38. Kf1 Rh1+ 39. Kxg2 Rxe1 40. Rc4 Re5 41. Kg3 Kf7 42. Kf4 Rd5 43. Kg4 Kf6 44. Rf4+ Rf5 45. Rc4 h5+ 46. Kg3 g5 47. Rc3 Rd5 48. f4 h4+ 0-1

[Event "Pardubice op rapid 28th"]
[Site "Pardubice"]
[Date "2017.07.19"]
[Round "2"]
[White "Semjonovs, Ilja"]
[Black "Malakhov, Igor"]
[Result "0-1"]
[WhiteElo "2198"]
[BlackElo "2454"]
[PlyCount "124"]
[EventDate "2017.07.19"]
[EventType "swiss (rapid)"]
[EventRounds "9"]
[EventCountry "CZE"]
[SourceTitle "CBM 179 Extra"]
[Source "ChessBase"]
[SourceDate "2017.08.23"]
[SourceVersion "1"]
[SourceVersionDate "2017.08.23"]
[SourceQuality "1"]

1. d4 Nf6 2. Nf3 c5 3. c3 e6 4. Bg5 h6 5. Bxf6 Qxf6 6. e3 Nc6 7. Nbd2 d5 8. Bd3 cxd4 9. exd4 Bd6 10. 0-0 0-0 11. Re1 e5 12. dxe5 Nxe5 13. Nxe5 Bxe5 14. Qh5 Bf4 15. Nf3 Be6 16. Nd4 Rfe8 17. Re2 Qg5 18. Qxg5 Bxg5 19. Rae1 Bd7 20. Bb5 Rxe2 21. Rxe2 Rd8 22. Bxd7 Rxd7 23. g3 Kf8 24. f4 Bf6 25. Nf3 b5 26. Rd2 Ke7 27. Kf2 Kd6 28. Ke2 a5 29. Kd3 b4 30. cxb4 axb4 31. b3 Ra7 32. Rc2 Bc3 33. Re2 Ra8 34. Rc2 Bf6 35. Re2 g5 36. fxg5 hxg5 37. Ne1 Bc3 38. Ng2 f5 39. Rf2 Rh8 40. h4 f4 41. hxg5 fxg3 42. Rf3 Be5 43. Ne3 Ke6 44. g6 Rg8 45. Ng2 Rxg6 46. Re3 Kd6 47. Rf3 Rh6 48. Re3 Rh2 49. Re2 Rh1 50. Ke3 Rf1 51. Rd2 Ke6 52. Re2 Kf5 53. Rd2 d4+ 54. Kd3 Rf3+ 55. Kc4 Rf2 56. Kd3 Rxd2+ 57. Kxd2 Ke4 58. Ne1 d3 59. Nxd3 g2 60. Nf2+ Kf3 61. Nh3 Bd4 62. Ng5+ Kg4 0-1

[Event "EU-ch blitz"]
[Site "Tallinn"]
[Date "2016.12.17"]
[Round "9"]
[White "Jankovic, Alojzije"]
[Black "Malakhov, Igor"]
[Result "1-0"]
[WhiteElo "2591"]
[BlackElo "2454"]
[PlyCount "63"]
[EventDate "2016.12.17"]
[EventType "swiss (blitz)"]
[EventRounds "26"]
[EventCountry "EST"]
[SourceTitle "CBM 176 Extra"]
[Source "ChessBase"]
[SourceDate "2017.03.02"]
[SourceVersion "1"]
[SourceVersionDate "2017.03.02"]
[SourceQuality "1"]

1. d4 Nf6 2. c4 c5 3. d5 g6 4. Nc3 Bg7 5. e4 0-0 6. e5 Ne8 7. Nf3 d6 8. exd6 Nxd6 9. h3 e5 10. Be2 h6 11. 0-0 f5 12. Ne1 g5 13. Nc2 b6 14. b4 cxb4 15. Nxb4 a5 16. Nc6 Nxc6 17. dxc6 e4 18. Ba3 Bxc3 19. Bxd6 Bxa1 20. Qd5+ Rf7 21. Bh5 Qf6 22. c7 Ra7 23. Bxf7+ Qxf7 24. Rxa1 Be6 25. Qc6 Qd7 26. Qxb6 Ra8 27. Qb8+ Qc8 28. Rb1 Kf7 29. a4 f4 30. Rb3 Ke8 31. Qxa8 Qxa8 32. Rb8+ 1-0

[Event "EU-ch blitz"]
[Site "Tallinn"]
[Date "2016.12.17"]
[Round "16"]
[White "Malakhov, Igor"]
[Black "Grandelius, Nils"]
[Result "1-0"]
[WhiteElo "2454"]
[BlackElo "2643"]
[PlyCount "75"]
[EventDate "2016.12.17"]
[EventType "swiss (blitz)"]
[EventRounds "26"]
[EventCountry "EST"]
[SourceTitle "CBM 176 Extra"]
[Source "ChessBase"]
[SourceDate "2017.03.02"]
[SourceVersion "1"]
[SourceVersionDate "2017.03.02"]
[SourceQuality "1"]

1. e4 c5 2. Nf3 d6 3. d4 cxd4 4. Nxd4 Nf6 5. Nc3 g6 6. Be3 a6 7. Be2 Bg7 8. 0-0 0-0 9. f4 Nbd7 10. Qe1 e5 11. fxe5 Nxe5 12. Rd1 Bd7 13. Kh1 Rc8 14. Qh4 Nfg4 15. Bg5 f6 16. Bc1 h5 17. Qg3 Kh7 18. h3 Nh6 19. Nd5 Qe8 20. c3 Nc6 21. Nb6 Rd8 22. Nxd7 Qxd7 23. Nxc6 Qxc6 24. Rd5 Rde8 25. Rxd6 Qxe4 26. Bd3 h4 27. Bxe4 hxg3 28. Bxb7 Nf5 29. Rd7 a5 30. c4 Re5 31. Bf4 Re2 32. c5 Rfe8 33. c6 Re1 34. Rd1 R1e7 35. c7 g5 36. c8Q Rxc8 37. Bxc8 gxf4 38. Bxf5+ 1-0

[Event "EU-ch blitz"]
[Site "Tallinn"]
[Date "2016.12.17"]
[Round "17"]
[White "Malakhov, Igor"]
[Black "Grigoriants, Sergey"]
[Result "0-1"]
[WhiteElo "2454"]
[BlackElo "2563"]
[PlyCount "136"]
[EventDate "2016.12.17"]
[EventType "swiss (blitz)"]
[EventRounds "26"]
[EventCountry "EST"]
[SourceTitle "CBM 176 Extra"]
[Source "ChessBase"]
[SourceDate "2017.03.02"]
[SourceVersion "1"]
[SourceVersionDate "2017.03.02"]
[SourceQuality "1"]

1. e4 e5 2. Nf3 Nc6 3. Bb5 a6 4. Ba4 Nf6 5. Bxc6 dxc6 6. d3 Bd6 7. Nbd2 c5 8. Nc4 Qe7 9. h3 Nd7 10. Ne3 Nf8 11. Nd5 Qd8 12. Bg5 f6 13. Bd2 Be6 14. Nh4 Qd7 15. c4 0-0-0 16. a3 Ng6 17. Nxg6 hxg6 18. b4 Kb8 19. Be3 cxb4 20. axb4 c6 21. Nb6 Bxb4+ 22. Ke2 Qc7 23. Qb3 c5 24. Nd5 Bxd5 25. cxd5 f5 26. f3 fxe4 27. dxe4 Qd6 28. Rhb1 Rd7 29. Qc4 Rc8 30. Bf2 b5 31. Qb3 Rb7 32. Qb2 a5 33. Bg3 Re8 34. Qa2 c4 35. Be1 Bxe1 36. Kxe1 a4 37. Qf2 Rc8 38. Kd2 Qc5 39. Qxc5 Rxc5 40. Rb4 Kc7 41. Kc3 Kd6 42. Ra2 Rcc7 43. Ra1 Kc5 44. Ra2 g5 45. Ra1 Rb6 46. Ra2 Rcb7 47. Ra1 Rd7 48. Ra2 Rf7 49. Ra1 Rff6 50. Ra2 Rfd6 51. Ra1 Rd7 52. Ra2 Rd8 53. Ra1 Ra8 54. Ra3 Ra5 55. Ra1 a3 56. Ra2 Ra7 57. g3 Rba6 58. h4 Ra4 59. Rb1 b4+ 60. Kd2 b3 61. Raa1 Kd4 62. Rd1 c3+ 63. Ke2+ Kc5 64. Rd3 Rc4 65. d6 b2 66. Rd5+ Kb4 67. Rad1 c2 68. d7 cxd1Q+ 0-1